| 000 | 00557nam a22002057a 4500 | ||
|---|---|---|---|
| 003 | UA-OsUOA | ||
| 001 | 6997 | ||
| 007 | ta | ||
| 008 | 20031202b un ||||| |||| 00| 0 ukr d | ||
| 100 | _aЗлочевская А.В. | ||
| 942 | _cSA | ||
| 040 |
_aUA-OsUOA _brus _cUA-OsUOA _dUA-OsUOA |
||
| 245 | _aТворчество В. Набокова в контексте мирового литературного процесса XX в. | ||
| 300 | _aС.23-32 | ||
| 955 | _a0 | ||
| 041 | _arus | ||
| 044 | _aUA | ||
| 773 | 0 | _w0 | |
| 650 | 7 |
_aКритика _2UDC |
|
| 999 |
_c293158 _d293158 |
||